000 00559nam a22001817a 4500
999 _c40603
_d40603
003 OSt
005 20210122121053.0
008 191014b ||||| |||| 00| 0 eng d
020 _a9789387444300
040 _coclc
082 _a172.2
_bRAO/E
100 _aRao,G Subba
_98364
245 _aEthics,Integrity & Aptitude for Civil Services Examination /
_cG Subba Rao; PN Roy Chowdhury
250 _a4th Ed.
260 _aNew Delhi:
_bCL Media,
_c2018.
700 1 _aChowdhury,Roy PN
942 _2ddc
_cREF
_h172.2
_iRAO/E
_k172.2
_mRAO/E